Local Lyapunov exponents: Looking closely at chaos.
Problematika štatistických metód na detekciu a kvantifikáciu deterministického chaosu v časových radoch. Kvantifikácia miery exponenciálnej divergencie chaotického systému Lapunovovými exponentami. Uvedenie lokálneho Lapunovovho exponenta, ktorý je v istých prípadoch schopný detekovať nelinearitu.
Salvato in:
| Autore principale: | |
|---|---|
| Natura: | Capitolo di libro |
| Lingua: | inglese |
| Soggetti: | |
| Tags: |
Nessun Tag, puoi essere il primo ad aggiungerne!!
|
MARC
| LEADER | 00000naa a2200000 4500 | ||
|---|---|---|---|
| 001 | r009964 | ||
| 005 | 20221213085103.0 | ||
| 041 | 0 | |a eng | |
| 044 | |a GB | ||
| 245 | 1 | 0 | |a Local Lyapunov exponents: Looking closely at chaos. |c R.C.L. Wolff |
| 520 | |a Problematika štatistických metód na detekciu a kvantifikáciu deterministického chaosu v časových radoch. Kvantifikácia miery exponenciálnej divergencie chaotického systému Lapunovovými exponentami. Uvedenie lokálneho Lapunovovho exponenta, ktorý je v istých prípadoch schopný detekovať nelinearitu. | ||
| 610 | 2 | 0 | |a rady časové |
| 610 | 2 | 0 | |a metódy štatistické |
| 100 | 1 | |a Wolff, R.C.L. | |